APEC Schools

Shame nation / (Record no. 9040)

000 -LEADER
fixed length control field nam a22 7a 4500
005 - DATE AND TIME OF LATEST TRANSACTION
control field 20220105022438.0
008 - FIXED-LENGTH DATA ELEMENTS--GENERAL INFORMATION
fixed length control field 220105b xxu||||| |||| 00| 0 eng d
020 ## - IDENTIFIER FOR THE MANIFESTATION
Identifier for the Manifestation 9781492648994
Binding hard bound
040 ## - CATALOGING SOURCE
Language of Cataloging eng
Transcribing Agency APEC Schools Library
Description Conventions rda
082 ## - DEWEY DECIMAL CLASSIFICATION NUMBER
Classification number C 302.34
Author's Number S316s 2017
100 ## - CREATOR
Preferred Name of the Person Scheff, Sue
245 ## - TITLE AND STATEMENT OF RESPONSIBILITY
Preferred Title Proper Shame nation /
Statement of Responsibility/Parallel Statement of Responsibility Sue Scheff
264 ## - PUBLICATION STATEMENT
Place of publication, distribution, etc Illinois ;
Publisher's Name/Parallel Publisher's Name Sourcebooks, Inc.,
Copyright ©2017.
300 ## - PHYSICAL DESCRIPTION
Extent xxix, 321 pages.
336 ## - RDA CONTENT
Source rdacontent
Content Type text
337 ## - RDA MEDIA
Source rdamedia
Media Type unmediated
338 ## - RDA CARRIER
Source rdacarrier
Carrier Type volume
504 ## - BIBLIOGRAPHY, ETC. NOTE
Bibliography, etc Includes bibliographical references and index.
650 ## - ADDED SUBJECT ACCESS POINT - TOPICAL TERM
Topical Term Shame
Form Subdivision Social aspects.
650 ## - ADDED SUBJECT ACCESS POINT - TOPICAL TERM
Topical Term Cyberbullying.
942 ## - ADDED ENTRY ELEMENTS (KOHA)
Source of Classification
Koha Item Type Non Fiction
Holdings
Library Site Location Shelving Location Source of Acquisition Full Classification Number Accession Number Koha Item Type
APEC Bacoor Library APEC Bacoor Library Circulation Institutional Fund C 302.34 S316s 2017 B04-0000549 Non Fiction
APEC Bacoor Library APEC Bacoor Library Circulation Institutional Fund C 302.34 S316s 2017 B04-0000584 Non Fiction
APEC C. Raymundo Library APEC C. Raymundo Library Circulation Institutional Fund C 302.34 S316s 2017 A07-0000468 Non Fiction
APEC Calumpang Library APEC Calumpang Library Circulation Institutional Fund C 302.34 S316s 2017 B10-0000485 Non Fiction
APEC Dasmarinas Library APEC Dasmarinas Library Circulation Institutional Fund C 302.34 S316s 2017 B03-0000508 Non Fiction
APEC Grace Park West Library APEC Grace Park West Library Circulation Institutional Fund C 302.34 S316s 2017 A09-0000398 Non Fiction
APEC JRU Lipa Library APEC JRU Lipa Library Circulation Institutional Fund C 302.34 S316s 2017 B12-0000545 Non Fiction
APEC Las Piñas Library APEC Las Piñas Library Circulation Institutional Fund C 302.34 S316s 2017 C01-0000383 Non Fiction
APEC Marikina Heights Library APEC Marikina Heights Library Circulation Institutional Fund C 302.34 S316s 2017 A08-0000380 Non Fiction
APEC Concepcion Dos Library APEC Marikina Heights Library Circulation Institutional Fund C 302.34 S316s 2017 C02-0000345 Non Fiction
APEC Muntinlupa Library APEC Muntinlupa Library Circulation Institutional Fund C 302.34 S316s 2017 B01-0000360 Non Fiction
APEC New Manila Library APEC New Manila Library Circulation Institutional Fund C 302.34 S316s 2017 C03-0000365 Non Fiction
APEC North Fairview Library APEC North Fairview Library Circulation Institutional Fund C 302.34 S316s 2017 A04-0000346 Non Fiction
APEC Ortigas Extension, Cainta Library APEC Ortigas Extension, Cainta Library Circulation Institutional Fund C 302.34 S316s 2017 B09-0000378 Non Fiction
APEC Roxas Boulevard Library APEC Roxas Boulevard Library Circulation Institutional Fund C 302.34 S316s 2017 B06-0000340 Non Fiction
APEC San Pablo, Laguna Library APEC San Pablo, Laguna Library Circulation Institutional Fund C 302.34 S316s 2017 D01-0000218 Non Fiction
APEC San Pablo, Laguna Library APEC San Pablo, Laguna Library Circulation Institutional Fund C 302.34 S316s 2017 D01-0000276 Non Fiction
APEC Silangan, Pateros Library APEC Silangan, Pateros Library Circulation Institutional Fund C 302.34 S316s 2017 B07-0000436 Non Fiction
APEC Sta. Rita Library APEC Sta. Rita Library Circulation Institutional Fund C 302.34 S316s 2017 B02-0000465 Non Fiction
APEC Taytay Library APEC Taytay Library Circulation Institutional Fund C 302.34 S316s 2017 B08-0000363 Non Fiction
APEC Tondo Library APEC Tondo Library Circulation Institutional Fund C 302.34 S316s 2017 A10-0000357 Non Fiction
APEC V. Luna Library APEC V. Luna Library Circulation Institutional Fund C 302.34 S316s 2017 A01-0000394 Non Fiction

Powered by Koha